| 000 | 00656nam a22001577a 4500 | ||
|---|---|---|---|
| 003 | OSt | ||
| 005 | 20161123091812.0 | ||
| 008 | 161123b xxu||||| |||| 00| 0 eng d | ||
| 040 | _cRUA | ||
| 082 | _aVEM KHE 2015 B534 Or.1 | ||
| 100 |
_911297 _aKHEN RAT; ខេន រ៉ាត់ |
||
| 245 | _aEpidemiologycal on newcastle disease in angsnoul district, kandal province, សិក្សាកម្រិតរាលដាលនៃជំងឺដង្កោកាច់ក្នុងស្រុកអង្គស្នួល ខេត្តកណ្ដាល | ||
| 260 |
_aPhnom penh _bKHE _c2015 |
||
| 300 |
_ax,39p. _bill. _c29cm. |
||
| 942 |
_2ddc _cVEM |
||
| 999 |
_c10863 _d10863 |
||